00478nam a2200169Ia 4500008004100000082000800041100002900049245002000078250000600098260002600104300001600130500002400146650002400170942000700194952009000201999001700291230524s9999 xx 000 0 und d bMIS aRama Kanta Mishra942006 0aHealth Security a1 aBBSRbMagnum Printers a"XVI,412p;" aQuantity Number: 1 aMiscellaneous91877 cBK 00104070aTATCLbTATCLcGENd2023-05-24l0o MISp53860r2023-05-24w2023-05-24yBK c56419d56419